000 00775nam a2200241Ia 4500
003 GCL
008 140319s9999 xx 000 0 ara d
040 _aGCL /
_cGCL
082 0 4 _a001.5
_bج ا
100 1 _aحافظ محمود
245 1 0 _aالاعلام العربى والاعلام الصهيونى /
_cحافظ محمود
260 _a[S.N] :
_bمعهد البحوث والدراسات العربية ،
_c1973
300 _a73 ص
490 _a
650 0 4 _aالسياسة الدولية
650 0 4 _aالعلاقات الخارجية
650 0 4 _aالاعلام
650 0 4 _aالدعاية
650 0 4 _aالاعلام الدولى
650 0 4 _aالراى العام العالمى
650 0 4 _aالدعاية الدولية
942 _2ddc
_cBK
999 _c33336
_d33336